<?xml version="1.0" encoding="UTF-8"?>
<record
    xmlns:xsi="http://www.w3.org/2001/XMLSchema-instance"
    xsi:schemaLocation="http://www.loc.gov/MARC21/slim http://www.loc.gov/standards/marcxml/schema/MARC21slim.xsd"
    xmlns="http://www.loc.gov/MARC21/slim">

  <leader>00780nam a22001577a 4500</leader>
  <controlfield tag="003">OSt</controlfield>
  <controlfield tag="005">20150912160541.0</controlfield>
  <controlfield tag="008">150912b        xxu||||| |||| 00| 0 eng d</controlfield>
  <datafield tag="040" ind1=" " ind2=" ">
    <subfield code="c">RUA</subfield>
  </datafield>
  <datafield tag="082" ind1=" " ind2=" ">
    <subfield code="a">AGR SIN 1997 B019 Or.1</subfield>
  </datafield>
  <datafield tag="100" ind1=" " ind2=" ">
    <subfield code="9">347</subfield>
    <subfield code="a">SIN, VUTHEA</subfield>
  </datafield>
  <datafield tag="245" ind1=" " ind2=" ">
    <subfield code="a">Farmer's knowledge and farmer's practice in soil fertility management: acase study in tumnop thum commune, ponhealoeu district (kandal) &#x1785;&#x17C6;&#x1793;&#x17C1;&#x17C7;&#x178A;&#x17B9;&#x1784;&#x1793;&#x17B7;&#x1784;&#x1794;&#x1785;&#x17D2;&#x1785;&#x17C1;&#x1780;&#x1791;&#x17C1;&#x179F;&#x179A;&#x1794;&#x179F;&#x17CB;&#x1780;&#x179F;&#x17B7;&#x1780;&#x179A;&#x1780;&#x17D2;&#x1793;&#x17BB;&#x1784;&#x1780;&#x17B6;&#x179A;&#x1790;&#x17C2;&#x1791;&#x17B6;&#x17C6;&#x1793;&#x17B7;&#x1784;&#x1794;&#x1784;&#x17D2;&#x1780;&#x17BE;&#x1793;&#x1787;&#x17B8;&#x1787;&#x17B6;&#x178F;&#x17B7;&#x178A;&#x17B8; &#x1793;&#x17C5;&#x1783;&#x17BB;&#x17C6;&#x1791;&#x17C6;&#x1793;&#x1794;&#x17CB;&#x1792;&#x17C6;&#x200B; &#x179F;&#x17D2;&#x179A;&#x17BB;&#x1780;&#x1796;&#x1789;&#x17D2;&#x1789;&#x17B6;&#x17AE;&#x200B; &#x1781;&#x17C1;&#x178F;&#x17D2;&#x178F;&#x1780;&#x178E;&#x17D2;&#x178A;&#x17B6;&#x179B;</subfield>
  </datafield>
  <datafield tag="260" ind1=" " ind2=" ">
    <subfield code="a">Phnom Penh </subfield>
    <subfield code="b">RUA</subfield>
    <subfield code="c">1997</subfield>
  </datafield>
  <datafield tag="300" ind1=" " ind2=" ">
    <subfield code="a">65p.</subfield>
    <subfield code="b">ill.</subfield>
    <subfield code="c">29cm.</subfield>
  </datafield>
  <datafield tag="942" ind1=" " ind2=" ">
    <subfield code="2">ddc</subfield>
    <subfield code="c">AGR</subfield>
  </datafield>
  <datafield tag="999" ind1=" " ind2=" ">
    <subfield code="c">326</subfield>
    <subfield code="d">326</subfield>
  </datafield>
  <datafield tag="952" ind1=" " ind2=" ">
    <subfield code="0">0</subfield>
    <subfield code="1">0</subfield>
    <subfield code="2">ddc</subfield>
    <subfield code="4">0</subfield>
    <subfield code="6">AGR_SIN_1997_000000000000000_B019_OR_1</subfield>
    <subfield code="7">0</subfield>
    <subfield code="9">1511</subfield>
    <subfield code="a">LBB</subfield>
    <subfield code="b">LBB</subfield>
    <subfield code="c">B018</subfield>
    <subfield code="d">2015-09-12</subfield>
    <subfield code="l">2</subfield>
    <subfield code="o">AGR SIN 1997 B019 Or.1</subfield>
    <subfield code="p">RUA003579</subfield>
    <subfield code="r">2019-07-19</subfield>
    <subfield code="s">2019-07-19</subfield>
    <subfield code="w">2015-09-12</subfield>
    <subfield code="y">AGR</subfield>
  </datafield>
  <datafield tag="952" ind1=" " ind2=" ">
    <subfield code="0">0</subfield>
    <subfield code="1">0</subfield>
    <subfield code="2">ddc</subfield>
    <subfield code="4">0</subfield>
    <subfield code="6">AGR_SIN_1997_000000000000000_B019_OR_2</subfield>
    <subfield code="7">0</subfield>
    <subfield code="9">1512</subfield>
    <subfield code="a">LBB</subfield>
    <subfield code="b">LBB</subfield>
    <subfield code="c">B018</subfield>
    <subfield code="d">2015-09-12</subfield>
    <subfield code="o">AGR SIN 1997 B019 Or.2</subfield>
    <subfield code="p">RUA003651</subfield>
    <subfield code="r">2015-09-12</subfield>
    <subfield code="w">2015-09-12</subfield>
    <subfield code="y">AGR</subfield>
  </datafield>
  <datafield tag="952" ind1=" " ind2=" ">
    <subfield code="0">0</subfield>
    <subfield code="1">0</subfield>
    <subfield code="2">ddc</subfield>
    <subfield code="4">0</subfield>
    <subfield code="6">AGR_SIN_1997_000000000000000_B019_OR_3</subfield>
    <subfield code="7">0</subfield>
    <subfield code="9">1513</subfield>
    <subfield code="a">LBB</subfield>
    <subfield code="b">LBB</subfield>
    <subfield code="c">B018</subfield>
    <subfield code="d">2015-09-12</subfield>
    <subfield code="l">2</subfield>
    <subfield code="o">AGR SIN 1997 B019 Or.3</subfield>
    <subfield code="p">RUA003428</subfield>
    <subfield code="r">2019-10-25</subfield>
    <subfield code="s">2019-10-18</subfield>
    <subfield code="w">2015-09-12</subfield>
    <subfield code="y">AGR</subfield>
  </datafield>
  <datafield tag="952" ind1=" " ind2=" ">
    <subfield code="0">0</subfield>
    <subfield code="1">0</subfield>
    <subfield code="2">ddc</subfield>
    <subfield code="4">0</subfield>
    <subfield code="6">AGR_SIN_1997_000000000000000_B019_OR_4</subfield>
    <subfield code="7">0</subfield>
    <subfield code="9">1514</subfield>
    <subfield code="a">LBB</subfield>
    <subfield code="b">LBB</subfield>
    <subfield code="c">B018</subfield>
    <subfield code="d">2015-09-12</subfield>
    <subfield code="o">AGR SIN 1997 B019 Or.4</subfield>
    <subfield code="p">RUA003500</subfield>
    <subfield code="r">2015-09-12</subfield>
    <subfield code="w">2015-09-12</subfield>
    <subfield code="y">AGR</subfield>
  </datafield>
  <datafield tag="952" ind1=" " ind2=" ">
    <subfield code="0">0</subfield>
    <subfield code="1">0</subfield>
    <subfield code="2">ddc</subfield>
    <subfield code="4">0</subfield>
    <subfield code="6">AGR_SIN_1997_000000000000000_B019_OR_5</subfield>
    <subfield code="7">0</subfield>
    <subfield code="9">1515</subfield>
    <subfield code="a">LBB</subfield>
    <subfield code="b">LBB</subfield>
    <subfield code="c">B018</subfield>
    <subfield code="d">2015-09-12</subfield>
    <subfield code="o">AGR SIN 1997 B019 Or.5</subfield>
    <subfield code="p">RUA003286</subfield>
    <subfield code="r">2015-09-12</subfield>
    <subfield code="w">2015-09-12</subfield>
    <subfield code="y">AGR</subfield>
  </datafield>
  <datafield tag="952" ind1=" " ind2=" ">
    <subfield code="0">0</subfield>
    <subfield code="1">0</subfield>
    <subfield code="2">ddc</subfield>
    <subfield code="4">0</subfield>
    <subfield code="6">AGR_SIN_1997_000000000000000_B019_OR_6</subfield>
    <subfield code="7">0</subfield>
    <subfield code="9">1516</subfield>
    <subfield code="a">LBB</subfield>
    <subfield code="b">LBB</subfield>
    <subfield code="c">B018</subfield>
    <subfield code="d">2015-09-12</subfield>
    <subfield code="o">AGR SIN 1997 B019 Or.6</subfield>
    <subfield code="p">RUA003358</subfield>
    <subfield code="r">2015-09-12</subfield>
    <subfield code="w">2015-09-12</subfield>
    <subfield code="y">AGR</subfield>
  </datafield>
  <datafield tag="952" ind1=" " ind2=" ">
    <subfield code="0">0</subfield>
    <subfield code="1">0</subfield>
    <subfield code="2">ddc</subfield>
    <subfield code="4">0</subfield>
    <subfield code="6">AGR_SIN_1997_000000000000000_B019_OR_7</subfield>
    <subfield code="7">0</subfield>
    <subfield code="9">1517</subfield>
    <subfield code="a">LBB</subfield>
    <subfield code="b">LBB</subfield>
    <subfield code="c">B018</subfield>
    <subfield code="d">2015-09-12</subfield>
    <subfield code="o">AGR SIN 1997 B019 Or.7</subfield>
    <subfield code="p">RUA003430</subfield>
    <subfield code="r">2015-09-12</subfield>
    <subfield code="w">2015-09-12</subfield>
    <subfield code="y">AGR</subfield>
  </datafield>
  <datafield tag="952" ind1=" " ind2=" ">
    <subfield code="0">0</subfield>
    <subfield code="1">0</subfield>
    <subfield code="2">ddc</subfield>
    <subfield code="4">0</subfield>
    <subfield code="6">AGR_SIN_1997_000000000000000_B019_OR_8</subfield>
    <subfield code="7">0</subfield>
    <subfield code="9">1518</subfield>
    <subfield code="a">LBB</subfield>
    <subfield code="b">LBB</subfield>
    <subfield code="c">B018</subfield>
    <subfield code="d">2015-09-12</subfield>
    <subfield code="o">AGR SIN 1997 B019 Or.8</subfield>
    <subfield code="p">RUA008099</subfield>
    <subfield code="r">2015-09-12</subfield>
    <subfield code="w">2015-09-12</subfield>
    <subfield code="y">AGR</subfield>
  </datafield>
  <datafield tag="952" ind1=" " ind2=" ">
    <subfield code="0">0</subfield>
    <subfield code="1">0</subfield>
    <subfield code="2">ddc</subfield>
    <subfield code="4">0</subfield>
    <subfield code="6">AGR_SIN_1997_000000000000000_B019_OR_9</subfield>
    <subfield code="7">0</subfield>
    <subfield code="9">1519</subfield>
    <subfield code="a">LBB</subfield>
    <subfield code="b">LBB</subfield>
    <subfield code="c">B018</subfield>
    <subfield code="d">2015-09-12</subfield>
    <subfield code="o">AGR SIN 1997 B019 Or.9</subfield>
    <subfield code="p">RUA003502</subfield>
    <subfield code="r">2015-09-12</subfield>
    <subfield code="w">2015-09-12</subfield>
    <subfield code="y">AGR</subfield>
  </datafield>
  <datafield tag="952" ind1=" " ind2=" ">
    <subfield code="0">0</subfield>
    <subfield code="1">0</subfield>
    <subfield code="2">ddc</subfield>
    <subfield code="4">0</subfield>
    <subfield code="6">AGR_SIN_1997_000000000000000_B019_OR_10</subfield>
    <subfield code="7">0</subfield>
    <subfield code="9">1520</subfield>
    <subfield code="a">LBB</subfield>
    <subfield code="b">LBB</subfield>
    <subfield code="c">B018</subfield>
    <subfield code="d">2015-09-12</subfield>
    <subfield code="o">AGR SIN 1997 B019 Or.10</subfield>
    <subfield code="p">RUA003303</subfield>
    <subfield code="r">2015-09-12</subfield>
    <subfield code="w">2015-09-12</subfield>
    <subfield code="y">AGR</subfield>
  </datafield>
  <datafield tag="952" ind1=" " ind2=" ">
    <subfield code="0">0</subfield>
    <subfield code="1">0</subfield>
    <subfield code="2">ddc</subfield>
    <subfield code="4">0</subfield>
    <subfield code="6">AGR_SIN_1997_000000000000000_B019_OR_11</subfield>
    <subfield code="7">0</subfield>
    <subfield code="9">1521</subfield>
    <subfield code="a">LBB</subfield>
    <subfield code="b">LBB</subfield>
    <subfield code="c">B018</subfield>
    <subfield code="d">2015-09-12</subfield>
    <subfield code="l">1</subfield>
    <subfield code="o">AGR SIN 1997 B019 Or.11</subfield>
    <subfield code="p">RUA003592</subfield>
    <subfield code="r">2019-11-18</subfield>
    <subfield code="s">2019-11-06</subfield>
    <subfield code="w">2015-09-12</subfield>
    <subfield code="y">AGR</subfield>
  </datafield>
</record>
